000 00269nmm a2200085Ia 4500
008 220120s9999||||xx |||||||||||||||||und||
100 _aOpen source for you
245 0 _aKali linux 2.019.1, multimedia, plex, emby, kodi, open sense
260 _aCoorg Institute of Technology
999 _c140096
_d140096